000
00237 a2200097 4500
001
14928
100
_a
Snow Edgar
245
_a
The other side of the river red china today
260
_a
London
_b
Victor collancz
_c
090
_c
11694
_d
11694
942
_a
NUST-CAE
_c
M
_c
1885
999
_c
250001
_d
250001